| 000 | 00592nam a2200205Ia 4500 | ||
|---|---|---|---|
| 008 | 131103s9999 xx 000 0 und d | ||
| 020 | _aSBN710067526 | ||
| 040 | _aLoreto College | ||
| 041 | _aEnglish | ||
| 082 |
_a371.42/VAU _bLCBED/1347 |
||
| 100 | _aVaughan,T.D. | ||
| 245 |
_aEducation and vocational guidance today _cT.D.Vaughan |
||
| 260 |
_aLondon _bRoutledge & Kegan Paul _c1970 |
||
| 300 |
_a160 p. _c 22cm. |
||
| 504 | _aIncludes bibliography and index | ||
| 650 | _aEducational and Vocational Guidance | ||
| 651 | _aEducation | ||
| 850 | _aLCBED/371.42/VAU | ||
| 942 | _cBK | ||
| 999 |
_c25947 _d76426 |
||